Jurons du capitaine Haddock en anagrammes (click quiz) - Statistiques

Statistiques générales
  • Ce quiz a été pris 24 fois
  • Le résultat moyen est 7 sur 8
Statistiques - réponses
Hint Réponse % Correct
Colporte Cloporte
100%
Rabouterons Brontosaure
96%
Lamina Animal
91%
Rebut Brute
91%
Alliance Canaille
91%
Balancine Cannibale
91%
Recachetas Catachrèse
87%
Rechantait Anthracite
74%
Aucun quiz correspondant
Distribution des résultats
% des personnes avec chaque résultat
Percentile par nombre de réponses
Votre historique - résultats
Vous n’avez pas pris ce quiz